000
00325nam a2200145Ia 4500
005
20250320220047.0
008
240331s9999 xx 000 0 und d
082
_b
NAD
_a
894
100
_a
Nadarajan,
245
0
_a
Chilampoli
260
_a
Jaffna
_b
Anaththa Achagam
_c
1960
300
_a
85 p .,
650
_a
Poems
942
_c
L
999
_c
4062
_d
4062